| 000 | 00893cam a2200265 a 4500 | ||
|---|---|---|---|
| 001 | 35635 | ||
| 003 | BD-RjUL | ||
| 005 | 20211209052345.0 | ||
| 008 | 140528s1961 stkb 000 0 eng u | ||
| 035 | _a(BD-RjUL)35730 | ||
| 040 |
_aWSU _dm.c _dEQO _beng _cBD-RjUL |
||
| 041 | _aeng | ||
| 082 |
_a309 _bMOB 1961 |
||
| 090 |
_aHN383 _b.M6 |
||
| 100 | 1 |
_aMoser, C. A. _q(Claus Adolf), _9108491 |
|
| 245 | 1 | 0 |
_aBritish towns : _ba statistical study of their social and economic differences / _cC. A. Moser and Wolf Scott |
| 260 |
_aEdinburgh : _bOliver & Boyd, _c1961 |
||
| 300 |
_axii, 169 p. : _btables, maps ; _c26 cm. |
||
| 490 | 1 |
_aReport / Centre for Urban Studies, University of London ; _vno.2 |
|
| 650 | 0 |
_aCities and towns _zGreat Britain _9108492 |
|
| 651 | 0 |
_aGreat Britain _xSocial conditions _9108493 |
|
| 700 | 1 |
_aScott, Wolf. _9108494 |
|
| 942 |
_2ddc _cBK |
||
| 999 |
_c35635 _d35635 |
||